00326pab a2200133 454500008004000000100001900040245004400059260000900103300001500112362001100127650001400138650002500152773001500177180718b2003 xxu||||| |||| 00| 0 eng d aThomas, Robert aThe impact of judicial review on asylum c2003 ap.479-510. aAutumn aJudiciary aRight to seek asylum aPublic Law